| 000 | 00700nam a2200217 a 4500 | ||
|---|---|---|---|
| 005 | 20240925064221.0 | ||
| 008 | 991125s1971 bue 000 0 spa u | ||
| 035 | _aUPN01000041063 | ||
| 049 | _aCG | ||
| 050 | 4 |
_aLB1051 _bS8.5 1971 |
|
| 100 | 1 |
_aStone, Lawrence Joseph, _d1912-1975 _932163 |
|
| 245 | 1 | 0 |
_aNiñez y adolescencia / _cL. Joseph Stone y Joseph Church ; pról. Jaime Bernstein. |
| 250 | _a2a ed. | ||
| 260 |
_aBuenos Aires : _bHormé : _bPaidós, _c1971. |
||
| 300 | _a350 p., [15] h. de láms. | ||
| 440 | 0 |
_aBiblioteca psicología infantil ; _v2 |
|
| 650 | 4 |
_aNiño, Estudio del _9221 |
|
| 650 | 4 |
_aPsicología educativa _95197 |
|
| 700 | 1 |
_aChurch, Joseph, _ecoaut. |
|
| 905 | _aLibro | ||
| 999 |
_c41063 _d41063 |
||